Architecture in Britain: the Middle Ages / (Record no. 95639)

MARC details
000 -LEADER
fixed length control field 00724nam a2200229I 4500
008 - FIXED-LENGTH DATA ELEMENTS--GENERAL INFORMATION
fixed length control field
090 ## - LOCALLY ASSIGNED LC-TYPE CALL NUMBER (OCLC); LOCAL CALL NUMBER (RLIN)
Classification number (OCLC) (R) ; Classification number, CALL (RLIN) (NR) NA963
003 - CONTROL NUMBER IDENTIFIER
control field
005 - DATE AND TIME OF LATEST TRANSACTION
control field 20230120131030.0
040 ## - CATALOGING SOURCE
Transcribing agency NUST
049 ## - LOCAL HOLDINGS (OCLC)
Holding library MAIN
100 1# - MAIN ENTRY--PERSONAL NAME
Personal name Webb, Geoffrey.
245 10 - TITLE STATEMENT
Title Architecture in Britain: the Middle Ages /
Statement of responsibility, etc. Geoffrey Webb.
260 ## - PUBLICATION, DISTRIBUTION, ETC.
Place of publication, distribution, etc. Harmondsworth, Middlesex :
Name of publisher, distributor, etc. Penquin Books,
Date of publication, distribution, etc. 1956.
300 ## - PHYSICAL DESCRIPTION
Extent xxi, 234 p. :
Other physical details ill., 192 plates, plans ;
Dimensions 27 cm.
440 #0 - SERIES STATEMENT/ADDED ENTRY--TITLE
Title Pelican history of art.
504 ## - BIBLIOGRAPHY, ETC. NOTE
Bibliography, etc. note Includes bibliographical references.
650 #0 - SUBJECT ADDED ENTRY--TOPICAL TERM
Topical term or geographic name entry element Architecture
Geographic subdivision Great Britain
General subdivision History.
650 #0 - SUBJECT ADDED ENTRY--TOPICAL TERM
Topical term or geographic name entry element Architecture, Medieval.
907 ## - LOCAL DATA ELEMENT G, LDG (RLIN)
a .b10191768
b 24-01-07
c 10-02-06
942 ## - ADDED ENTRY ELEMENTS (KOHA)
Koha item type Ordinary Loan Books
Call number prefix NA963
Holdings
Date last seen Total Checkouts Full call number Barcode Cost, replacement price Price effective from Koha item type Public note Lost status Source of classification or shelving scheme Damaged status Not for loan Collection Withdrawn status Home library Current library Shelving location Date acquired Source of acquisition Cost, normal purchase price Accession number
01/20/2023   NA963 WEB 92004003420 80.00 01/20/2023 BOOKS Donation   LCC     NFIC   FOBE FOBE GEN 01/20/2023 National Gallery of Zimbabwe 80.00  
07/18/2024   NA963 WEB 92004052535 80.00 07/18/2024 BOOKS Donation   LCC     NFIC   FOBE FOBE GEN 07/18/2024 National Gallery of Zimbabwe 80.00 59385